00520nam a22001817a 4500003000400000008004100004020001800045082002000063100001900083245008100102250000800183260004500191300001900236650002600255700002300281700001800304700001600322OSt240521b2023 |||||||| |||| 00| 0 eng d a9789355323491 a658.4032bJAG-B aJaggia, Sanjiv aBusiness analytics :bcommunicating with numbers /cSanjiv Jaggia...[et al.] a2nd aChennai :bMcGraw Hill Education,c2023. axxii, 766 p. ; aBusiness intelligence aLertwachara, Kevin aKelly, Alison aChen, Leida